000 00877nam a2200301Ia 4500
001 Z_3987
003 CHAP
008 220113s1991 xx 000 0 und d
010 _a167046
040 _cCHAP
082 _a338.1771 S45
100 _aSeminario Internacional sobre producción intensiva de leche (1987 : Comarca Lagunera)
_9141228
245 _aMemoria /
_cpor FIRA
260 _aMéxico, D. F. :
_bFideicomiso Instituídos en Relación con la Agrícultura,
_c1991
300 _a184 p
440 _a
500 _a
503 _aC/E
650 _aGanado lechero
_xTabasco I. Fideicomisos Instituidos en Relación con la Agricultura
_9139338
650 _aGanado lechero
_xTrópicos
_xCongresos
_945304
650 _aLeche
_xProducción
_965400
901 _a338.1771 S45
902 _aA
910 _a1991
942 _c1
942 _cc1
999 _c167046
_d167046